Tous les Blokémon du Blokédex - Statistiques

Statistiques générales
  • Ce quiz a été pris 4 fois
  • Le résultat moyen est 56 sur 116
Statistiques - réponses
Numéro Réponse % Correct
#046 Les Produits Laitiers
100%
#030 Netflix
100%
#073 Carlito
75%
#001 Fukano
75%
#019 McFly
75%
#013 MisterMV
75%
#075 Terracid
75%
#011 ZeratoR
75%
#053 Akim Omiri
50%
#063 Alderiate
50%
#056 Amixem
50%
#065 Antoine Daniel
50%
#100 Antoine Griezmann
50%
#057 Arthur Laloux
50%
#113 As2piK
50%
#038 Audrey Pirault
50%
#042 Aurel
50%
#005 Aypierre
50%
#044 Badlulu
50%
#090 Baghera Jones
50%
#084 BakaBoo
50%
#061 Bestmarmotte
50%
#060 BigFlo & Oli
50%
#018 Bob Lennon
50%
#028 Bren
50%
#108 Bytell2
50%
#021 Carl Jr.
50%
#024 Corobizar
50%
#007 Cortex
50%
#012 Dach
50%
#032 David Breut
50%
#077 DocSeven
50%
#052 Donald Reignoux
50%
#093 Dortos
50%
#094 Elarcis
50%
#039 Emy Ltr
50%
#054 Étoiles
50%
#107 Fabien Olicard
50%
#058 Farod
50%
#095 FDGod
50%
#037 Flora
50%
#109 FredZolf
50%
#112 Frigiel
50%
#059 Gius
50%
#034 Guzz
50%
#116 Gydias
50%
#022 Hexakil
50%
#088 Jeel
50%
#020 Jiraya
50%
#025 Joueur Du Grenier
50%
#023 Joyca
50%
#101 Kameto
50%
#045 Kenny
50%
#102 Kotei
50%
#035 Kyan Khojandi
50%
#031 Laupok
50%
#043 Leila
50%
#104 Lelay
50%
#029 Léo Duff
50%
#033 Léo Techmaker
50%
#004 LinksTheSun
50%
#055 Lutti
50%
#091 Maghla
50%
#050 Mahdi Ba
50%
#069 Manuel Ferrara
50%
#114 Maskey
50%
#047 Mastu
50%
#016 Mathieu Sommet
50%
#003 Mister Cool
50%
#066 MrBboy45
50%
#115 Myfuckinmess
50%
#051 Natoo
50%
#097 Navo
50%
#074 Nyo.
50%
#006 Pauleta
50%
#079 Pôle Emploi
50%
#105 Potxeca
50%
#096 RebeuDeter
50%
#017 Sardoche
50%
#092 Seb
50%
#026 Seb Du Grenier
50%
#081 Sixt
50%
#040 Studio Vrac
50%
#002 Superbrioche
50%
#099 Sylvqin
50%
#048 Taupe10
50%
#015 Team Vitality
50%
#027 TheFantasio974
50%
#008 TheSupremeRk9s
50%
#009 TiboInShape
50%
#036 Trash
50%
#014 TsukiyoPower
50%
#071 Ubisoft
50%
#010 Unsterblicher
50%
#068 Vexios
50%
#064 VodK
50%
#098 Zack Nani
50%
#062 Zecharia
50%
#110 BillSilverlight
25%
#072 D4LYM0TI0N
25%
#082 DarkFuneral972
25%
#083 Freddy Gladieux
25%
#086 Internet Explorer
25%
#111 Jardiland
25%
#078 Jigmé
25%
#076 Julien Josselin
25%
#041 LeGrandJD
25%
#049 Le Pérave
25%
#103 Mister Daweed
25%
#085 MrGreatStephan
25%
#070 Panormal
25%
#080 RED by SFR
25%
#106 SoulsStealer
25%
#089 TeufeurS
25%
#067 Wartek
25%
#087 Wingobear
25%
Aucun quiz correspondant
Distribution des résultats
% des personnes avec chaque résultat
Percentile par nombre de réponses
Votre historique - résultats
Vous n’avez pas pris ce quiz